00803nam a22002777a 4500003000500000005001700005008004100022010001000063011001000073020001800083035001100101040000900112082001700121110000800138245013000146260002300276300004700299650002500346650001700371650001200388650002300400650001700423650002600440700002700466700003200493CHAP20220817044304.0090918s it b rn 00010 eng d a96751 a97723 a9789251057629 a108393 cCHAP04a636.08bF32y2 aFAO14aThe state of the world's animal genetic resources for food and agriculturec/editado por Dafydd Pilling y Barbara Rischkowsky aRome :bFAO,c2007 axxxvii, 511 p. :bcuadros, gráfs., mapas14aAnimales domesticos.14aGanadería.14aGanado.14aGenética animal.14aGermoplasma.14aRecursos genéticos.1 aPilling, Dafydde, ed.1 aRischkowsky, Barbarae, ed.